LEADER 01421nam a2200289 u 4500 001 000000006560 003 CaOOAMICUS 005 20070226104904.0 008 940606s1937 fr u000 u fre u 035 $a10169964 040 $aAAR$bita$dPUL(R) 100 1 $aBoyancé, Pierre,$d1900-1976.$0(OLS)http://pul/name/5378 245 13$aLe culte des muses chez les philosophes grecs :$bétudes d'histoire et de psychologie religieuses /$cpar Pierre Boyancé .. 260 $aParis :$bE. de Boccard,$c1937. 300 $a375 p. ;$c26 cm 490 1 $aBibliothèque des écoles françaises d'Athènes et de Rome ;$v141 504 $aBiliographical foot-notes. 650 0$aCults$zGreece.$2//eng$0(OLS)http://pul/subject/5821 650 0$aPhilosophy, Ancient.$2//eng$0(OLS)http://pul/subject/595 650 0$aMuses (Greek deities).$2//eng$0(OLS)http://pul/subject/5820 651 0$aGreece$xReligion.$2//eng$0(OLS)http://pul/subject/544 830 0$aBibliothèque des écoles françaises d'Athènes et de Rome ;$v141.$0(OLS)http://pul/title/260 850 $aPUL 852 $aPUL$W1$xDP1 Cons. Gen., Altre Classi 1$y22$m1039 H 1.141$j183113$qStampati$B186319$CPULBib$Z2$F186319 $82 941 1 $a8 996 $6245$aLe culte des muses chez les philosophes grecs :$bétudes d'histoire et de psychologie religieuses$9(OLS)http://pul/title/9642 996 $6260$aParis :$bE. de Boccard$9(OLS)http://pul/publisher/48166 LEADER 02193nam a2200397 u 4500 001 000000007784 003 CaOOAMICUS 005 20150206141734.0 008 940514s1942 it af u000 u ita u 035 $a10203669 040 $aPUL$bita 041 0 $aita$alat 100 1 $aDupre Theseider, Eugenio,$d1898-1975.$0(OLS)http://pul/name/4693 245 12$aL'idea imperiale di Roma nella tradizione del medioevo /$cEugenio Duprè Theseider. 260 $aMilano :$bIstituto per gli studi di Politica Internazionale,$c[1942] 300 $a353 p.$bill.$c20 cm 490 1 $aDocumenti di storia e di pensiero politico ;$v17 500 $aItalian or Latin. 504 $aBibliography: p. [347]-349. 650 0$aImperialism$xHistory.$2//eng$0(OLS)http://pul/subject/6775 650 0$aPapacy$xHistory.$2//eng$0(OLS)http://pul/subject/6776 650 0$aPolitical science$xHistory.$2//eng$0(OLS)http://pul/subject/6777 650 0$aImperium (Roman law).$2//eng$0(OLS)http://pul/subject/6774 651 4$aSacro romano impero$xStoria.$0(OLS)http://pul/subject/6778 651 4$aSacro romano impero$xPolitica e governo.$0(OLS)http://pul/subject/6779 830 0$aDocumenti di storia e di pensiero politico ;$v17.$0(OLS)http://pul/title/8562 850 $aPUL 852 $aPUL$W1$xDP1 Fondo Capitani$y116$m10 B 11$j43251$qFondi$B163464$CPULBib$Z2$F163464 $HCap2355 $82 852 $aPUL$W1$xDP1 Fondo Maccarrone$y58$m1503 F 32$j11031$nBK-PRI$b $qFondi$B11031$CPULBib$Z2$F11031 $H $81 852 $aPUL$W1$xDP1 Fondo Cecchetti$y53$m269 F 32$j11032$nBK-PRI$b $qFondi$B11032$CPULBib$Z2$F11032 $HPUL2844 $81 852 $aPUL$W1$xDP1 Fondo Cecchetti$y53$m270 D 24$j11033$nBK-PRI$b $qFondi$B11033$CPULBib$Z2$F11033 $HPUL3072 $81 941 1 $a1 961 $aINV: 01067 -- Fondo Mons. M. Maccarrone 961 $aNota ms. di possesso : Capitani 996 $6245$aL'idea imperiale di Roma nella tradizione del medioevo$9(OLS)http://pul/title/11339 996 $6260$aMilano :$bIstituto per gli studi di Politica Internazionale$9(OLS)http://pul/publisher/54352